| 000 | 00392nam a2200145 a 4500 | ||
|---|---|---|---|
| 005 | 20140513081058.0 | ||
| 008 | 100908s19uu xx 00 eng d | ||
| 050 |
_aVCD _bCl583 2005 |
||
| 245 | _aClassic clues. | ||
| 260 |
_aPsig City: _bViva Video, Inc, _c2005. |
||
| 440 | _aNickelodeon : Blue's clues | ||
| 650 | _aReading-comprehension. | ||
| 650 | _apreschool rituals. | ||
| 999 |
_c116638 _d116638 |
||